Ảnh hưởng của cấu trúc vốn đến dòng tiền tự do của các công ty bất động sản niêm yết trên sở giao dịch chứng khoán thành phố Hồ Chí Minh : Luận văn tốt nghiệp Thạc sĩ. Chuyên ngành Tài chính - Ngân hàng
Nghiên cứu xác định ảnh hưởng của cấu trúc vốn đến của dòng tiền tự do của các doanh nghiệp bất động sản trên sở giao dịch chứng khoán thành phố Hồ Chí Minh.
Gorde:
| Egile nagusia: | |
|---|---|
| Formatua: | Liburua |
| Hizkuntza: | Undetermined |
| Argitaratua: |
Cần Thơ
Trường Đại học Cần Thơ
2019
|
| Gaiak: | |
| Etiketak: |
Etiketa erantsi
Etiketarik gabe, Izan zaitez lehena erregistro honi etiketa jartzen!
|
| Thư viện lưu trữ: | Trung tâm Học liệu Trường Đại học Cần Thơ |
|---|
| LEADER | 01211nam a2200217Ia 4500 | ||
|---|---|---|---|
| 001 | CTU_232730 | ||
| 008 | 210402s9999 xx 000 0 und d | ||
| 082 | |a 332.642 | ||
| 082 | |b Đ126 | ||
| 088 | |a 8340201 | ||
| 100 | |a Trịnh, Hữu Đầy | ||
| 245 | 0 | |a Ảnh hưởng của cấu trúc vốn đến dòng tiền tự do của các công ty bất động sản niêm yết trên sở giao dịch chứng khoán thành phố Hồ Chí Minh : | |
| 245 | 0 | |b Luận văn tốt nghiệp Thạc sĩ. Chuyên ngành Tài chính - Ngân hàng | |
| 245 | 0 | |c Trịnh Hữu Đầy ; Trần Ái Kết (Cán bộ hướng dẫn) | |
| 260 | |a Cần Thơ | ||
| 260 | |b Trường Đại học Cần Thơ | ||
| 260 | |c 2019 | ||
| 520 | |a Nghiên cứu xác định ảnh hưởng của cấu trúc vốn đến của dòng tiền tự do của các doanh nghiệp bất động sản trên sở giao dịch chứng khoán thành phố Hồ Chí Minh. | ||
| 650 | |a Stock exchanges,Thị trường chứng khoán | ||
| 910 | |b nthai | ||
| 980 | |a Trung tâm Học liệu Trường Đại học Cần Thơ | ||